Media Resources for Teaching Psychology/ (Record no. 5223)
[ view plain ]
| 000 -LEADER | |
|---|---|
| fixed length control field | 01678nac a22002651u 4500 |
| 008 - FIXED-LENGTH DATA ELEMENTS--GENERAL INFORMATION | |
| fixed length control field | 100518s2004 nyu|||||s|||| 000 0 eng d |
| 020 ## - INTERNATIONAL STANDARD BOOK NUMBER | |
| International Standard Book Number | 0072938846 |
| 082 ## - DEWEY DECIMAL CLASSIFICATION NUMBER | |
| Classification number | 158 |
| Item number | PSY |
| Edition number | 22 |
| 100 ## - MAIN ENTRY--PERSONAL NAME | |
| Personal name | 20080729 |
| 9 (RLIN) | 14100 |
| 110 ## - MAIN ENTRY--CORPORATE NAME | |
| Corporate name or jurisdiction name as entry element | Discovery Channel |
| 9 (RLIN) | 14101 |
| 245 ## - TITLE STATEMENT | |
| Title | Media Resources for Teaching Psychology/ |
| Statement of responsibility, etc | Discovery Channel (Firm), Discovery Communications, Inc. and McGraw-Hill Companies. |
| 246 ## - VARYING FORM OF TITLE | |
| Title proper/short title | McGraw-Hill media resources for teaching psychology, Teaching psychology |
| 260 ## - PUBLICATION, DISTRIBUTION, ETC. (IMPRINT) | |
| Place of publication, distribution, etc | New York: |
| Name of publisher, distributor, etc | McGraw-Hill, 2004 |
| Date of publication, distribution, etc | 2004 |
| 300 ## - PHYSICAL DESCRIPTION | |
| Extent | 4videocassettes (Video 1 : 119 min., Video 2 : 80 min.) : |
| Other physical details | sd., col. ; |
| Dimensions | 1/2 in. + |
| Accompanying material | 2 CD-ROMs : sd., col. ; 4 3/4 in. |
| 500 ## - GENERAL NOTE | |
| General note | "Video segments, interactivities, and animations." At head of title: McGraw-Hill. |
| 505 ## - FORMATTED CONTENTS NOTE | |
| Formatted contents note | What is psychology? -- Research methods -- Biology and behavior -- Sexuality -- Motivation and emotion -- Human development -- Sensation and perception -- States of consciousness -- Learning -- Memory -- Thinking and language -- Intelligence -- Personality -- Psychological disorders -- Stress, coping, and health -- Social psychology. |
| 650 ## - SUBJECT ADDED ENTRY--TOPICAL TERM | |
| Topical term or geographic name as entry element | Psychology |
| 9 (RLIN) | 14095 |
| General subdivision | Study and teaching |
| 650 ## - SUBJECT ADDED ENTRY--TOPICAL TERM | |
| Topical term or geographic name as entry element | Psychology |
| 9 (RLIN) | 14096 |
| General subdivision | Study and teaching-- Audio-visual aids |
| 710 ## - ADDED ENTRY--CORPORATE NAME | |
| 9 (RLIN) | 14097 |
| Corporate name or jurisdiction name as entry element | Discovery Channel (Firm) |
| 710 ## - ADDED ENTRY--CORPORATE NAME | |
| 9 (RLIN) | 14098 |
| Corporate name or jurisdiction name as entry element | Discovery Communications, Inc. |
| 710 ## - ADDED ENTRY--CORPORATE NAME | |
| 9 (RLIN) | 14099 |
| Corporate name or jurisdiction name as entry element | McGraw-Hill Companies |
| 942 ## - ADDED ENTRY ELEMENTS (KOHA) | |
| Item type | |
| Call number prefix | 158PSY |
| Source of classification or shelving scheme | Dewey Decimal Classification |
| Withdrawn status | Lost status | Source of classification or shelving scheme | Damaged status | Not for loan | Location (home branch) | Sublocation or collection (holding branch) | Shelving location | Date acquired | Source of acquisition | Koha issues (times borrowed) | Koha full call number | Piece designation (barcode) | Koha date last seen | Price effective from | Koha item type |
|---|---|---|---|---|---|---|---|---|---|---|---|---|---|---|---|
| Dewey Decimal Classification | Central Library | Central Library | Lower Floor | 22/10/2007 | 158 PSY | 000006483 | 24/08/2022 | 22/10/2007 | Video (NB) | ||||||
| Dewey Decimal Classification | Central Library | Central Library | Lower Floor | 18/05/2010 | 158 PSY | 000006482 | 24/08/2022 | 18/05/2010 | Video (NB) |